<?xml version="1.0" encoding="UTF-8"?><?xml-stylesheet type="text/xsl" href="static/style.xsl"?><OAI-PMH xmlns="http://www.openarchives.org/OAI/2.0/" xmlns:xsi="http://www.w3.org/2001/XMLSchema-instance" xsi:schemaLocation="http://www.openarchives.org/OAI/2.0/ http://www.openarchives.org/OAI/2.0/OAI-PMH.xsd"><responseDate>2026-06-03T22:30:40Z</responseDate><request verb="GetRecord" identifier="oai:riuma.uma.es:10630/22643" metadataPrefix="marc">https://riuma.uma.es/rest/oai/request</request><GetRecord><record><header><identifier>oai:riuma.uma.es:10630/22643</identifier><datestamp>2026-02-03T12:27:34Z</datestamp><setSpec>com_10630_2254</setSpec><setSpec>col_10630_37959</setSpec></header><metadata><record xmlns="http://www.loc.gov/MARC21/slim" xmlns:dcterms="http://purl.org/dc/terms/" xmlns:doc="http://www.lyncode.com/xoai" xmlns:xsi="http://www.w3.org/2001/XMLSchema-instance" xsi:schemaLocation="http://www.loc.gov/MARC21/slim http://www.loc.gov/standards/marcxml/schema/MARC21slim.xsd">
   <leader>00925njm 22002777a 4500</leader>
   <datafield ind2=" " ind1=" " tag="042">
      <subfield code="a">dc</subfield>
   </datafield>
   <datafield ind2=" " ind1=" " tag="720">
      <subfield code="a">Polo Barrera, Clodoaldo</subfield>
      <subfield code="e">author</subfield>
   </datafield>
   <datafield ind2=" " ind1=" " tag="720">
      <subfield code="a">Martínez-Rojas, María</subfield>
      <subfield code="e">author</subfield>
   </datafield>
   <datafield ind2=" " ind1=" " tag="720">
      <subfield code="a">Rubio-Romero, Juan Carlos</subfield>
      <subfield code="e">author</subfield>
   </datafield>
   <datafield ind2=" " ind1=" " tag="260">
      <subfield code="c">2021</subfield>
   </datafield>
   <datafield ind2=" " ind1=" " tag="520">
      <subfield code="a">This study tries to analyze the most common causes and the variables with the greatest influence on the occurrence of occupational accidents in Spain. Specifically, it focuses on the two sectors with the highest incidence rate in oc- cupational accidents in our country, the construction and the manufacturing sec- tors. The objective of this study is to find out what relationships exist between the accidents that occur in both sectors, trying to find similarities and differences. These relationships may be useful to understand them and to be able to take more effective actions in order to prevent accidents in the future.&#xd;
To address the mentioned objective, a database provided by the Ministry of Labor and Social Economy, which contains all the accidents registered in the Delt@ system of the ministry from 2009 to 2018 has been used. After exploring the database, several variables have been analyzed with the data mining technique of decision trees. Throughout the study, obtained results provide useful information for both sectors and might be useful for decision-makers when making decisions.</subfield>
   </datafield>
   <datafield ind1="8" ind2=" " tag="024">
      <subfield code="a">https://hdl.handle.net/10630/22643</subfield>
   </datafield>
   <datafield tag="653" ind2=" " ind1=" ">
      <subfield code="a">Accidentes de trabajo</subfield>
   </datafield>
   <datafield tag="653" ind2=" " ind1=" ">
      <subfield code="a">Construcción -- Medidas de seguridad</subfield>
   </datafield>
   <datafield ind2="0" ind1="0" tag="245">
      <subfield code="a">A comparison of occupational accidents in the manufacturing and construction sector through data mining techniques</subfield>
   </datafield>
</record>
</metadata></record></GetRecord></OAI-PMH>